<?xml version="1.0" encoding="UTF-8"?>
<record
    xmlns:xsi="http://www.w3.org/2001/XMLSchema-instance"
    xsi:schemaLocation="http://www.loc.gov/MARC21/slim http://www.loc.gov/standards/marcxml/schema/MARC21slim.xsd"
    xmlns="http://www.loc.gov/MARC21/slim">

  <leader>02350nam0a2200373   4500</leader>
  <controlfield tag="001">RU\NLR\BIBL_A\011561697</controlfield>
  <controlfield tag="005">20260406164224.0</controlfield>
  <datafield tag="010" ind1=" " ind2=" ">
    <subfield code="a">978-5-353-08618-5</subfield>
  </datafield>
  <datafield tag="021" ind1=" " ind2=" ">
    <subfield code="a">RU</subfield>
    <subfield code="b">2017-92080</subfield>
    <subfield code="9">6594</subfield>
  </datafield>
  <datafield tag="035" ind1=" " ind2=" ">
    <subfield code="a">(RuMoRGB)009470170</subfield>
  </datafield>
  <datafield tag="035" ind1=" " ind2=" ">
    <subfield code="a">(NLR Aleph) 011561697</subfield>
  </datafield>
  <datafield tag="090" ind1=" " ind2=" ">
    <subfield code="a">12279897</subfield>
    <subfield code="c">12279897</subfield>
  </datafield>
  <datafield tag="100" ind1=" " ind2=" ">
    <subfield code="a">20171219d2018    |||y0rusy50      ca</subfield>
  </datafield>
  <datafield tag="101" ind1="0" ind2=" ">
    <subfield code="a">rus</subfield>
  </datafield>
  <datafield tag="102" ind1=" " ind2=" ">
    <subfield code="a">RU</subfield>
  </datafield>
  <datafield tag="105" ind1=" " ind2=" ">
    <subfield code="a">a|||z|||000ay</subfield>
  </datafield>
  <datafield tag="200" ind1="1" ind2=" ">
    <subfield code="a">&#x412;&#x438;&#x43D;&#x43D;&#x438;-&#x41F;&#x443;&#x445; &#x438; &#x432;&#x441;&#x435;-&#x432;&#x441;&#x435;-&#x432;&#x441;&#x435;</subfield>
    <subfield code="e">[&#x441;&#x43A;&#x430;&#x437;&#x43E;&#x447;&#x43D;&#x44B;&#x435; &#x43F;&#x43E;&#x432;&#x435;&#x441;&#x442;&#x438;. &#x421;&#x442;&#x438;&#x445;&#x438;</subfield>
    <subfield code="e">&#x434;&#x43B;&#x44F; &#x441;&#x440;&#x435;&#x434;&#x43D;&#x435;&#x433;&#x43E; &#x448;&#x43A;&#x43E;&#x43B;&#x44C;&#x43D;&#x43E;&#x433;&#x43E; &#x432;&#x43E;&#x437;&#x440;&#x430;&#x441;&#x442;&#x430;]</subfield>
    <subfield code="f">&#x410;&#x43B;&#x430;&#x43D; &#x410;. &#x41C;&#x438;&#x43B;&#x43D;</subfield>
    <subfield code="g">[&#x445;&#x443;&#x434;&#x43E;&#x436;&#x43D;&#x438;&#x43A;: &#x42D;.-&#x425;. &#x428;&#x435;&#x43F;&#x430;&#x440;&#x434;</subfield>
    <subfield code="g">&#x441;&#x442;&#x438;&#x445;&#x438; &#x43F;&#x435;&#x440;&#x435;&#x432;&#x435;&#x43B;&#x438; &#x41C;. &#x411;&#x43E;&#x440;&#x43E;&#x434;&#x438;&#x446;&#x43A;&#x430;&#x44F; &#x438; &#x434;&#x440;.]</subfield>
  </datafield>
  <datafield tag="210" ind1=" " ind2=" ">
    <subfield code="a">&#x41C;&#x43E;&#x441;&#x43A;&#x432;&#x430;</subfield>
    <subfield code="c">&#x420;&#x43E;&#x441;&#x43C;&#x44D;&#x43D;</subfield>
    <subfield code="d">2018 [&#x442;.&#x435;. 2017]</subfield>
  </datafield>
  <datafield tag="215" ind1=" " ind2=" ">
    <subfield code="a">398, [1] &#x441;.</subfield>
    <subfield code="c">&#x438;&#x43B;.</subfield>
    <subfield code="d">22</subfield>
  </datafield>
  <datafield tag="225" ind1="1" ind2=" ">
    <subfield code="a">&#x421;&#x435;&#x440;&#x438;&#x44F; "&#x412;&#x441;&#x435; &#x438;&#x441;&#x442;&#x43E;&#x440;&#x438;&#x438;"</subfield>
  </datafield>
  <datafield tag="300" ind1=" " ind2=" ">
    <subfield code="a">&#x412; &#x432;&#x44B;&#x43F;. &#x434;&#x430;&#x43D;. &#x430;&#x432;&#x442;.: &#x41C;&#x438;&#x43B;&#x43D; &#x410;&#x43B;&#x430;&#x43D; &#x410;&#x43B;&#x435;&#x43A;&#x441;&#x430;&#x43D;&#x434;&#x440;, &#x411;&#x43E;&#x440;&#x438;&#x441; &#x417;&#x430;&#x445;&#x43E;&#x434;&#x435;&#x440;, &#x421;. &#x41C;&#x430;&#x440;&#x448;&#x430;&#x43A; [&#x438; &#x434;&#x440;.]</subfield>
  </datafield>
  <datafield tag="300" ind1=" " ind2=" ">
    <subfield code="a">&#x41A;&#x43D;. &#x444;&#x430;&#x43A;&#x442;&#x438;&#x447;&#x435;&#x441;&#x43A;&#x438; &#x438;&#x437;&#x434;. &#x432; 2017 &#x433;.</subfield>
  </datafield>
  <datafield tag="327" ind1="1" ind2=" ">
    <subfield code="a">&#x421;&#x43E;&#x434;&#x435;&#x440;&#x436;.: &#x412;&#x438;&#x43D;&#x43D;&#x438;-&#x41F;&#x443;&#x445;; &#x414;&#x43E;&#x43C; &#x43D;&#x430; &#x41F;&#x443;&#x445;&#x43E;&#x432;&#x43E;&#x439; &#x43E;&#x43F;&#x443;&#x448;&#x43A;&#x435;: &#x441;&#x43A;&#x430;&#x437;&#x43A;&#x438; &#x440;&#x430;&#x441;&#x441;&#x43A;&#x430;&#x437;&#x430;&#x43B; &#x411;&#x43E;&#x440;&#x438;&#x441; &#x417;&#x430;&#x445;&#x43E;&#x434;&#x435;&#x440;.; &#x41C;&#x43D;&#x43E;&#x433;&#x43E;&#x435; &#x434;&#x440;&#x443;&#x433;&#x43E;&#x435;, &#x442;. &#x435;. &#x43F;&#x440;&#x438;&#x43B;&#x43E;&#x436;&#x435;&#x43D;&#x438;&#x44F; / &#x441;&#x43E;&#x447;&#x438;&#x43D;&#x438;&#x43B; &#x411;&#x43E;&#x440;&#x438;&#x441; &#x417;&#x430;&#x445;&#x43E;&#x434;&#x435;&#x440;. &#x412; &#x43A;&#x43D;. &#x442;&#x430;&#x43A;&#x436;&#x435;: &#x41A;&#x43E;&#x433;&#x434;&#x430; &#x43C;&#x44B; &#x431;&#x44B;&#x43B;&#x438; &#x435;&#x449;&#x451; &#x43C;&#x430;&#x43B;&#x435;&#x43D;&#x44C;&#x43A;&#x438;&#x435;; &#x410; &#x442;&#x435;&#x43F;&#x435;&#x440;&#x44C; &#x43D;&#x430;&#x43C; &#x448;&#x435;&#x441;&#x442;&#x44C;: &#x441;&#x442;&#x438;&#x445;&#x438;, &#x43A;&#x43E;&#x442;&#x43E;&#x440;&#x44B;&#x435; &#x410;&#x43B;&#x430;&#x43D; &#x41C;&#x438;&#x43B;&#x43D; &#x441;&#x43E;&#x447;&#x438;&#x43D;&#x438;&#x43B; &#x434;&#x43B;&#x44F; &#x441;&#x432;&#x43E;&#x435;&#x433;&#x43E; &#x441;&#x44B;&#x43D;&#x430;</subfield>
  </datafield>
  <datafield tag="686" ind1=" " ind2=" ">
    <subfield code="a">&#x428;9(2)72(4&#x412;&#x43B;)</subfield>
    <subfield code="2">rubbk</subfield>
  </datafield>
  <datafield tag="686" ind1="0" ind2=" ">
    <subfield code="a">&#x428;9(4&#x412;&#x43B;)62-4</subfield>
  </datafield>
  <datafield tag="700" ind1=" " ind2="1">
    <subfield code="8">rus</subfield>
    <subfield code="7">ca</subfield>
    <subfield code="a">&#x41C;&#x438;&#x43B;&#x43D;</subfield>
    <subfield code="b">&#x410;. &#x410;.</subfield>
    <subfield code="f">1882-1956</subfield>
    <subfield code="g">&#x410;&#x43B;&#x430;&#x43D; &#x410;&#x43B;&#x435;&#x43A;&#x441;&#x430;&#x43D;&#x434;&#x435;&#x440;</subfield>
    <subfield code="3">RU\NLR\AUTH\7710595</subfield>
    <subfield code="9">120363</subfield>
  </datafield>
  <datafield tag="702" ind1=" " ind2="1">
    <subfield code="4">040</subfield>
    <subfield code="8">rus</subfield>
    <subfield code="7">ca</subfield>
    <subfield code="a">&#x428;&#x435;&#x43F;&#x430;&#x440;&#x434;</subfield>
    <subfield code="b">&#x42D;. &#x425;.</subfield>
    <subfield code="c">&#x445;&#x443;&#x434;&#x43E;&#x436;&#x43D;&#x438;&#x43A;</subfield>
    <subfield code="g">&#x42D;&#x440;&#x43D;&#x435;&#x441;&#x442; &#x425;&#x430;&#x443;&#x430;&#x440;&#x434;</subfield>
    <subfield code="f">1879-1976</subfield>
    <subfield code="3">RU\NLR\AUTH\7766865</subfield>
    <subfield code="9">49793</subfield>
  </datafield>
  <datafield tag="702" ind1=" " ind2="1">
    <subfield code="4">570</subfield>
    <subfield code="8">rus</subfield>
    <subfield code="7">ca</subfield>
    <subfield code="a">&#x417;&#x430;&#x445;&#x43E;&#x434;&#x435;&#x440;</subfield>
    <subfield code="b">&#x411;. &#x412;.</subfield>
    <subfield code="f">1918-2000</subfield>
    <subfield code="g">&#x411;&#x43E;&#x440;&#x438;&#x441; &#x412;&#x43B;&#x430;&#x434;&#x438;&#x43C;&#x438;&#x440;&#x43E;&#x432;&#x438;&#x447;</subfield>
    <subfield code="3">RU\NLR\AUTH\776188</subfield>
    <subfield code="9">116143</subfield>
  </datafield>
  <datafield tag="702" ind1=" " ind2="1">
    <subfield code="4">730</subfield>
    <subfield code="8">rus</subfield>
    <subfield code="7">ca</subfield>
    <subfield code="a">&#x411;&#x43E;&#x440;&#x43E;&#x434;&#x438;&#x446;&#x43A;&#x430;&#x44F;</subfield>
    <subfield code="b">&#x41C;. &#x42F;.</subfield>
    <subfield code="f">1954-</subfield>
    <subfield code="g">&#x41C;&#x430;&#x440;&#x438;&#x43D;&#x430; &#x42F;&#x43A;&#x43E;&#x432;&#x43B;&#x435;&#x432;&#x43D;&#x430;</subfield>
    <subfield code="3">RU\NLR\AUTH\774333</subfield>
    <subfield code="9">114314</subfield>
  </datafield>
  <datafield tag="942" ind1=" " ind2=" ">
    <subfield code="c">BOOK</subfield>
  </datafield>
  <datafield tag="980" ind1=" " ind2=" ">
    <subfield code="a">NB</subfield>
  </datafield>
  <datafield tag="995" ind1=" " ind2=" ">
    <subfield code="5">2017-12-19</subfield>
    <subfield code="a">ad</subfield>
    <subfield code="b">NLR01</subfield>
    <subfield code="c">NLR01</subfield>
    <subfield code="e">RF31</subfield>
    <subfield code="f">1-2112946</subfield>
    <subfield code="k">2017-5/9564</subfield>
    <subfield code="o">0</subfield>
    <subfield code="p">0.00</subfield>
    <subfield code="r">BOOK</subfield>
    <subfield code="s">201759564_</subfield>
  </datafield>
  <datafield tag="995" ind1=" " ind2=" ">
    <subfield code="5">2017-12-19</subfield>
    <subfield code="a">ad</subfield>
    <subfield code="b">NLR01</subfield>
    <subfield code="c">NLR01</subfield>
    <subfield code="e">OBM</subfield>
    <subfield code="f">1-2112947</subfield>
    <subfield code="o">0</subfield>
    <subfield code="p">100.00</subfield>
    <subfield code="r">BOOK</subfield>
  </datafield>
</record>
